Research highlights /

Bibliographic Details
Previous Title:Research highlights (Sea Fisheries Research Institute (South Africa))
Uniform Title:Research highlights (South Africa. Marine & Coastal Management)
Corporate Author: South Africa. Marine & Coastal Management
Format: Serial
Language:English
Published: Cape Town : Republic of South Africa, Dept. of Environmental Affairs and Tourism, Marine & Coastal Management, 1999-
Subjects:
Online Availability: Check for online availability

MARC

Tag First Indicator Second Indicator Subfields
LEADER 00000cas a2200000Ia 4500
001 in00001978024
005 20230217184823.3
008 000321c19999999sa ar f0 a0eng d
010 |a  2001201574 
022 |y 1021-1055 
035 |a (OCoLC)ocm43671985 
037 |b Marine & Coastal Management, Private Bag X2, Rogge Bay 8012, Cape Town, Republic of South Africa 
040 |a SMI  |c SMI  |d OCL  |d DLC  |d TXA  |d UtOrBLW 
042 |a lc 
043 |a f-sa--- 
049 |a TXAM 
050 0 0 |a SH315.S7  |b R47 
082 0 4 |a 338.3727 
130 0 |a Research highlights (South Africa. Marine & Coastal Management) 
245 1 0 |a Research highlights /  |c Republic of South Africa, Department of Environmental Affairs and Tourism, Marine & Coastal Management. 
264 1 |a Cape Town :  |b Republic of South Africa, Dept. of Environmental Affairs and Tourism, Marine & Coastal Management,  |c 1999- 
300 |a volumes :  |b illustrations (some color), color maps ;  |c 24 cm. 
310 |a Annual 
336 |a text  |b txt  |2 rdacontent 
337 |a unmediated  |b n  |2 rdamedia 
338 |a volume  |b nc  |2 rdacarrier 
362 0 |a 8 (1998-1999)- 
530 |a Some of the information is also available on the Marine and Coastal Management web site on the World Wide Web. 
650 0 |a Fishery resources  |z South Africa  |v Periodicals. 
650 0 |a Marine resources  |x Research  |z South Africa  |v Periodicals. 
650 0 |a Fishes  |x Conservation  |z South Africa  |v Periodicals. 
710 1 |a South Africa.  |b Marine & Coastal Management. 
780 0 0 |t Research highlights (Sea Fisheries Research Institute (South Africa))  |x 1021-1055  |w (DLC) 94643872  |w (OCoLC)27162201 
850 |a DLC 
936 |a 9 (1999-2000) LIC 
994 |a E0  |b TXA 
999 |a MARS 
999 f f |s 53054802-e83a-37db-8fcb-4b75bffd5423  |i ed090cd0-6866-3810-885d-6e650115a65b  |t 0 
952 f f |p ric  |a Texas A&M University  |b Rellis Campus  |c Joint Library Facility  |d Remote Storage  |t 0  |e SH315.S7 R47  |h Library of Congress classification  |i unmediated -- volume  |k no.10  |l 2000/2001  |m A14832525211 
952 f f |p ric  |a Texas A&M University  |b Rellis Campus  |c Joint Library Facility  |d Remote Storage  |t 0  |e SH315.S7 R47  |h Library of Congress classification  |i unmediated -- volume  |k no.8  |l 1998/1999  |m A14832525499 
952 f f |p ric  |a Texas A&M University  |b Rellis Campus  |c Joint Library Facility  |d Remote Storage  |t 0  |e SH315.S7 R47  |h Library of Congress classification  |i unmediated -- volume  |k no.9  |l 1999/2000  |m A14831320634 
998 f f |a SH315.S7 R47  |s no.8-10 (1998/1999-2000/2001)  |t 0  |l Remote Storage